Statistics for Guess the Location #5

Click here to take the quiz!

General Stats

  • This quiz has been taken 51 times
  • The average score is 11 of 15

Answer Stats

Populated PlacesSovereign
State?
ContinentFirst
Letter
Location% Correct
Sydney, Melbourne, BrisbaneYOceaniaAAustralia
100%
Santiago de Cuba, Camaguey, HolguinYN. Amer.CCuba
98%
Istanbul, Izmir, BursaYAsiaTTurkey
93%
Kaunas, Klaipeda, SiauliaiYEuropeLLithuania
91%
Namangan, Samarkand, AndijonYAsiaUUzbekistan
89%
Kingstown Park, Georgetown, BarrouallieYN. Amer.SSaint Vincent and the Grenadines
80%
Osh, Jalal-Abad, KarakolYAsiaKKyrgyzstan
78%
Bobo-Dioulasso, Koudougou, OuahigouyaYAfricaBBurkina Faso
74%
Mindelo, Santa Maria, Cova FigueiraYAfricaCCape Verde
74%
Sokode, Kara, AtakpameYAfricaTTogo
72%
Klaksvík, Hoyvík, ArgirNEuropeFFaroe Islands
65%
Toamasina, Antsirabe, FianarantsoaYAfricaMMadagascar
61%
Saint-Pierre, MiquelonNN. Amer.SSaint Pierre and Miquelon
39%
Barentsburg, Sveagruva, Ny-ÅlesundNEuropeSSvalbard and Jan Mayen
39%
Bantam Village, West IslandNAsiaCCocos Islands
13%

Score Distribution

Percentile by Number Answered

Percent of People with Each Score

Your Score History

You have not taken this quiz